| 000 | 00000nam##2200000za#4500 |
| 001 | 9.613991 |
| 003 | CaOODSP |
| 005 | 20210929082757 |
| 007 | ta |
| 008 | 150406|1997||||xxc||||| f|0| 0 eng|d |
| 020 | |a0-662-26006-6 |
| 022 | |a1209-6571 |
| 040 | |aCaOODSP|beng |
| 043 | |an-cn--- |
| 086 | 1 |aFo29-47/7-1997E |
| 110 | 1 |aCanada. |bNatural Resources Canada. |bCanadian Forest Service. |
| 245 | 10|aDecay associated with logging injuries in western larch, Larix occidentalis, and in lodgepole pine, Pinus contorta|cby E. Allen and T. White. |
| 260 | |aVictoria - British Columbia : |bNatural Resources Canada. |c1997. |
| 300 | |a4p. : |billus., references, tables ; |c28 cm. |
| 490 | 1 |aTechnology transfer note|x1209-6571|v7 |
| 563 | |aPamphlet |
| 590 | |a97-48|b1997-11-28 |
| 690 | 07|aTrees|2gcpds |
| 720 | 1 |aAllen, E. |
| 720 | 1 |aWhite, T. |
| 776 | 0#|tDecay associated with logging injuries in western larch, Larix occidentalis, and in lodgepole pine, Pinus contorta|w(CaOODSP)9.572361 |
| 830 | #0|aTechnology transfer note,|x1209-6571|v7|w(CaOODSP)9.514646 |